000 00962nas0a22002171i 4500
001 v19\rc\1251611
005 20260407125800.0
035 _a(NLR Aleph) 004407729
090 _a3962912
_c3962912
100 _a20060306b18891890|||y0rusy50 ca
101 0 _arus
102 _aRU
105 _ay z |||||
200 1 _aЛисток нормальной столовой Русского общества охранения народного здравия
_eГ. 1-2
210 _aСанкт-Петербург
_d1889-1890
710 0 2 _aРусское общество охранения народного здравия
_3RU\NLR\AUTH\889972020
_9440535
801 0 _aRU
_bNLR
_gpsbo
801 1 _aRU
_bProSoft-M
_2rusmarc
830 _aПеречень имеющихся в библиотеке томов, номеров, годов этого издания смотри в каталоге периодических изданий
852 _aNLR
_j3/1686
942 _cSE